| 000 | 00475pab a2200193 454500 | ||
|---|---|---|---|
| 008 | 180718b2018 xxu||||| |||| 00| 0 eng d | ||
| 100 | _aKumar, Atisha | ||
| 245 | _aBanking sector reforms: ensuring regulation | ||
| 260 | _c2018 | ||
| 300 | _ap.7-10. | ||
| 362 | _aJan | ||
| 650 | _aRegulation | ||
| 650 | _aBanks - Regulation | ||
| 650 | _aBanks - Reform - India | ||
| 650 | _aBanks and banking - India | ||
| 650 | _aBanks | ||
| 773 | _aYojana | ||
| 909 | _a116776 | ||
| 999 |
_c116770 _d116770 |
||